| 000 | 00589 a2200193 4500 | ||
|---|---|---|---|
| 020 | _c240.00 | ||
| 035 | _aB-83376 | ||
| 037 | _bRP-L-122 / UBH-04-05:15 / RP-04-05:ENG | ||
| 082 | 1 | 4 | _a332.042 |
| 090 |
_c3087 _d3087 |
||
| 100 | 1 | _aAvadhani, V. A. | |
| 245 | 1 |
_aInternational finance _cby V.A. Avadhani |
|
| 250 | _a5th rev. ed. | ||
| 260 |
_aMumbai _bHimalaya Publishing House _c2004r |
||
| 300 |
_a426 p _c24 cm (pbk) |
||
| 500 | _aThis is reprint 2004 | ||
| 942 |
_adpl _cEN _k332.042 / AVA |
||
| 999 |
_c3026 _d3026 |
||